000055260 001__ 55260
000055260 005__ 20230317221520.0
000055260 037__ $$aGDS-IMPORT-DOC-2008-Apr-1-1
000055260 041__ $$aEnglish
000055260 0881_ $$aGSI Report 2008-03
000055260 088__ $$2GSI$$aGSI Report 2008-03
000055260 1001_ $$aProzorov, A.$$b0$$eCorresponding author
000055260 245__ $$aIon Beam Polarization in Storage Rings: Production, controlling and Preservation
000055260 260__ $$aDarmstadt$$bGSI$$c2008
000055260 300__ $$a24 S.
000055260 3367_ $$0PUB:(DE-HGF)3$$2PUB:(DE-HGF)$$aBook$$bbook$$mbook$$s1382960727_3925
000055260 3367_ $$2DRIVER$$abook
000055260 3367_ $$2BibTeX$$aBOOK
000055260 3367_ $$01$$2EndNote$$aBook
000055260 3367_ $$0PUB:(DE-HGF)15$$2PUB:(DE-HGF)$$aInternal Report$$mintrep
000055260 500__ $$aIMPORT aus dem GDS: https://www.gsi.de/documents/DOC-2008-Apr-1.html
000055260 536__ $$0G:(DE-HGF)POF2-899$$a899 - ohne Topic (POF2-899)$$cPOF2-899$$fPOF I$$x0
000055260 7001_ $$aLabzowsky, L.$$b1
000055260 7001_ $$aPlunien, G.$$b2
000055260 7001_ $$0P:(DE-HGF)0$$aLiesen, D.$$b3
000055260 7001_ $$0P:(DE-Ds200)OR0145$$aBosch, F.$$b4$$ugsi
000055260 7001_ $$0P:(DE-Ds200)OR2243$$aFritzsche, S.$$b5$$ugsi
000055260 7001_ $$aSurzhykov, A.$$b6
000055260 8564_ $$uhttps://repository.gsi.de/record/55260/files/DOC-2008-Apr-1-1.pdf$$yRestricted
000055260 909CO $$ooai:repository.gsi.de:55260$$pdnbdelivery$$pdriver$$pVDB$$popen_access$$popenaire
000055260 9101_ $$0I:(DE-Ds200)20121206GSI$$6P:(DE-HGF)0$$aGSI Helmholtzzentrum für Schwerionenforschung GmbH$$b3$$kGSI
000055260 9101_ $$0I:(DE-Ds200)20121206GSI$$6P:(DE-Ds200)OR0145$$aGSI Helmholtzzentrum für Schwerionenforschung GmbH$$b4$$kGSI
000055260 9101_ $$0I:(DE-Ds200)20121206GSI$$6P:(DE-Ds200)OR2243$$aGSI Helmholtzzentrum für Schwerionenforschung GmbH$$b5$$kGSI
000055260 9131_ $$0G:(DE-HGF)POF2-899$$1G:(DE-HGF)POF2-890$$2G:(DE-HGF)POF2-800$$3G:(DE-HGF)POF2$$4G:(DE-HGF)POF$$aDE-HGF$$bProgrammungebundene Forschung$$lohne Programm$$vohne Topic$$x0
000055260 915__ $$0StatID:(DE-HGF)0510$$2StatID$$aOpenAccess
000055260 9201_ $$0I:(DE-Ds200)BUD-20051214OR030$$kBUD$$lBibliothek & Dokumentation$$x0
000055260 9201_ $$0I:(DE-Ds200)ATP-20051214OR020$$kATP$$lAtomphysik$$x1
000055260 970__ $$aGDS-IMPORT-DOC-2008-Apr-1
000055260 9801_ $$aGSI Report
000055260 9801_ $$aFulltexts
000055260 980__ $$abook
000055260 980__ $$aVDB
000055260 980__ $$aGSI Report
000055260 980__ $$aintrep
000055260 980__ $$aI:(DE-Ds200)20120319OR030
000055260 980__ $$aI:(DE-Ds200)BUD-20051214OR030
000055260 980__ $$aI:(DE-Ds200)20110830OR020
000055260 980__ $$aI:(DE-Ds200)ATP-20051214OR020
000055260 980__ $$aUNRESTRICTED